[Event "Hum na Sutli op 10th"]
[Site "Hum na Sutli"]
[Date "2016.08.29"]
[Round "4"]
[White "Zufic, Miroslav"]
[Black "Krklec, Josip"]
[Result "1/2-1/2"]
[WhiteElo "2437"]
[BlackElo "2050"]
[PlyCount "108"]
[EventDate "2016.08.26"]
[EventType "swiss"]
[EventRounds "9"]
[EventCountry "CRO"]
[SourceTitle "CBM 174 Extra"]
[Source "ChessBase"]
[SourceDate "2016.10.10"]
[SourceVersion "1"]
[SourceVersionDate "2016.10.10"]
[SourceQuality "1"]

1. e4 c5 2. Nf3 g6 3. d4 cxd4 4. Nxd4 Nc6 5. Be2 Bg7 6. Nb3 Nf6 7. Nc3 a6 8. 0-0 0-0 9. Re1 b5 10. Bf1 d6 11. Bg5 Re8 12. Qd2 Be6 13. Nd5 Ne5 14. Bxf6 exf6 15. Ne3 Rc8 16. Nd4 Nc4 17. Bxc4 Bxc4 18. b3 Be6 19. Rad1 Bh6 20. Qb4 Bxe3 21. Rxe3 Qc7 22. h3 Bd7 23. Rdd3 a5 24. Qd2 b4 25. c4 bxc3 26. Rxc3 Qb6 27. Kh2 Rxc3 28. Qxc3 Rc8 29. Qd2 Qc5 30. Ne2 Kg7 31. g3 h5 32. Kg2 Bc6 33. Rc3 Qb4 34. f3 Bb7 35. Rd3 Ba6 36. Qxb4 axb4 37. Rd2 Bxe2 38. Rxe2 Kf8 39. Kf2 Rc3 40. Re3 Rc2+ 41. Re2 Rc3 42. Rd2 Ke7 43. Rd4 Rc2+ 44. Ke3 Rxa2 45. Rxb4 Rg2 46. Kf4 Ke6 47. h4 g5+ 48. hxg5 fxg5+ 49. Kxg5 Rxg3+ 50. Kf4 Rg8 51. Rb5 h4 52. Rh5 Rb8 53. Rxh4 Rxb3 54. Rh8 Rb5 1/2-1/2

[Event "Hum na Sutli op 10th"]
[Site "Hum na Sutli"]
[Date "2016.08.27"]
[Round "2"]
[White "Pavic, Filip"]
[Black "Krklec, Josip"]
[Result "1-0"]
[WhiteElo "2209"]
[BlackElo "2050"]
[PlyCount "53"]
[EventDate "2016.08.26"]
[EventType "swiss"]
[EventRounds "9"]
[EventCountry "CRO"]
[SourceTitle "CBM 174 Extra"]
[Source "ChessBase"]
[SourceDate "2016.10.10"]
[SourceVersion "1"]
[SourceVersionDate "2016.10.10"]
[SourceQuality "1"]

1. e4 c5 2. Nf3 e6 3. d4 cxd4 4. Nxd4 Nf6 5. Nc3 Bb4 6. e5 Nd5 7. Bd2 Nxc3 8. bxc3 Be7 9. Qg4 g6 10. Bd3 Nc6 11. Nxc6 dxc6 12. 0-0 Bd7 13. Rab1 b6 14. Bh6 Bf8 15. Qf4 Bxh6 16. Qxh6 Qe7 17. Ba6 Kd8 18. Rbd1 Kc7 19. Rd6 f5 20. Rfd1 Rad8 21. Qe3 g5 22. a4 g4 23. a5 h5 24. c4 Bc8 25. axb6+ axb6 26. Bxc8 Rxc8 27. Qa3 1-0

[Event "CRO Cup"]
[Site "Mali Losinj"]
[Date "2016.05.04"]
[Round "1.134"]
[White "Krnic, Ivan"]
[Black "Krklec, Josip"]
[Result "1-0"]
[WhiteElo "2175"]
[BlackElo "1598"]
[PlyCount "65"]
[EventDate "2016.05.04"]
[EventType "team-swiss"]
[EventRounds "6"]
[EventCountry "CRO"]
[SourceTitle "CBM 172 Extra"]
[Source "ChessBase"]
[SourceDate "2016.06.21"]
[SourceVersion "1"]
[SourceVersionDate "2016.06.21"]
[SourceQuality "1"]
[WhiteTeam "Split Brda"]
[BlackTeam "Hum na Sutli Straza"]
[WhiteTeamCountry "CRO"]
[BlackTeamCountry "CRO"]

1. e4 e5 2. Nf3 Nc6 3. d4 exd4 4. Bc4 h6 5. 0-0 Bc5 6. c3 Qf6 7. e5 Qg6 8. cxd4 Bb6 9. d5 Nce7 10. Bd3 Nf5 11. Nh4 Qh7 12. Nxf5 g6 13. Ng3 Ne7 14. Ne4 Qg7 15. Nf6+ Kd8 16. Qf3 d6 17. exd6 cxd6 18. Nc3 Bf5 19. Nce4 Bc7 20. Bf4 Bxe4 21. Nxe4 Nf5 22. Nc3 Nh4 23. Qg3 g5 24. Bxd6 f5 25. Bxc7+ Qxc7 26. Nb5 Qd7 27. Qe5 Re8 28. Qf6+ Re7 29. d6 a6 30. dxe7+ Qxe7 31. Qb6+ Kc8 32. Rac1+ Kb8 33. Rc7 1-0

[Event "Krapina op 6th"]
[Site "Krapina"]
[Date "2016.01.23"]
[Round "5"]
[White "Krklec, Josip"]
[Black "Babic, Dalibor"]
[Result "1-0"]
[WhiteElo "2064"]
[BlackElo "1685"]
[PlyCount "97"]
[EventDate "2016.01.21"]
[EventType "swiss"]
[EventRounds "7"]
[EventCountry "CRO"]
[SourceTitle "CBM 170 Extra"]
[Source "ChessBase"]
[SourceDate "2016.02.25"]
[SourceVersion "1"]
[SourceVersionDate "2016.02.25"]
[SourceQuality "1"]

1. d4 Nf6 2. Nf3 d5 3. c4 e6 4. Nc3 Bb4 5. Bg5 h6 6. Bxf6 Qxf6 7. e3 0-0 8. Qb3 Bxc3+ 9. Qxc3 Nc6 10. Bd3 Bd7 11. 0-0 Qe7 12. a3 a6 13. b4 dxc4 14. Bxc4 Rfc8 15. Rfe1 Qf6 16. Rac1 Ne7 17. Ne5 Be8 18. Qc2 Nd5 19. f4 c6 20. Bd3 Rd8 21. Qd2 Nc7 22. Rf1 Qe7 23. Bb1 a5 24. f5 exf5 25. Rxf5 axb4 26. axb4 Nd5 27. Rcf1 f6 28. Qf2 Ra3 29. Ba2 Rda8 30. Bc4 Kh8 31. Bxd5 cxd5 32. Ng4 Bd7 33. Rf4 Bxg4 34. Rxg4 Qxe3 35. Qxe3 Rxe3 36. Rc1 Re2 37. h4 Re7 38. b5 g5 39. hxg5 hxg5 40. Rg3 Kg7 41. b6 Kg6 42. Rc5 Rd7 43. Rgc3 Rd6 44. Kh2 g4 45. Re3 Kg5 46. Re7 Rxb6 47. Rxd5+ Kf4 48. g3+ Kf3 49. Rf5# 1-0

[Event "CRO-chT2 Center 23rd"]
[Site "Grubisno Polje"]
[Date "2014.09.14"]
[Round "10.25"]
[White "Krklec, Josip"]
[Black "Furjan, Antun"]
[Result "0-1"]
[WhiteElo "2106"]
[BlackElo "1985"]
[PlyCount "120"]
[EventDate "2014.03.02"]
[EventType "team-match"]
[EventRounds "11"]
[EventCountry "CRO"]
[SourceTitle "EXT 2016"]
[Source "ChessBase"]
[SourceDate "2015.10.08"]
[SourceVersion "1"]
[SourceVersionDate "2015.10.08"]
[SourceQuality "1"]

1. d4 d5 2. c4 e6 3. Nc3 Nf6 4. Bg5 Be7 5. e3 0-0 6. Nf3 b6 7. cxd5 Nxd5 8. Bxe7 Nxe7 9. Bd3 h6 10. 0-0 Bb7 11. Rc1 Nd7 12. Ne4 Nd5 13. Qe2 Nb4 14. Nc3 Nxd3 15. Qxd3 c5 16. Rfd1 Bxf3 17. gxf3 Qg5+ 18. Kh1 Qh4 19. Rc2 Qh3 20. f4 Nf6 21. e4 Qxd3 22. Rxd3 Rfd8 23. Rcd2 c4 24. Re3 Rd7 25. Re1 Rad8 26. Red1 b5 27. f3 b4 28. Ne2 Kf8 29. Kg2 Ke7 30. Kf2 a5 31. Ke3 Ne8 32. Rc2 Rc7 33. Rdc1 Rdc8 34. f5 exf5 35. Nf4 Rc6 36. d5 R6c7 37. e5 Rc5 38. Kd4 c3 39. bxc3 Rc4+ 40. Ke3 a4 41. Ne2 f6 42. Nd4 fxe5 43. Nc6+ Kd6 44. Nxb4 Nf6 45. Kd3 Nxd5 46. Nxd5 Kxd5 47. Rb1 e4+ 48. fxe4+ fxe4+ 49. Kd2 Ke5 50. Rb7 Rd8+ 51. Ke2 g5 52. Rf7 Rd3 53. Re7+ Kf5 54. Rf7+ Ke6 55. Rh7 Rh3 56. Kd1 h5 57. Rh6+ Kf5 58. Rf2+ Kg4 59. Rg2+ Kh4 60. Rg6 g4 0-1

[Event "CRO-chT2 Center 23rd"]
[Site "Grubisno Polje"]
[Date "2014.03.02"]
[Round "2.6"]
[White "Krklec, Josip"]
[Black "Garac, Marijan"]
[Result "1/2-1/2"]
[WhiteElo "2102"]
[BlackElo "1911"]
[PlyCount "102"]
[EventDate "2014.03.02"]
[EventType "team-match"]
[EventRounds "11"]
[EventCountry "CRO"]
[SourceTitle "EXT 2016"]
[Source "ChessBase"]
[SourceDate "2015.10.08"]
[SourceVersion "1"]
[SourceVersionDate "2015.10.08"]
[SourceQuality "1"]

1. d4 Nf6 2. c4 e6 3. Nf3 d5 4. Nc3 c5 5. e3 a6 6. b3 Nc6 7. Be2 cxd4 8. exd4 Bb4 9. Bb2 Ne4 10. Rc1 Qa5 11. Qc2 Qxa2 12. 0-0 Bxc3 13. Bxc3 Qxc2 14. Rxc2 0-0 15. Bb2 Bd7 16. Ra1 Rfc8 17. Rcc1 f6 18. Bd3 Nd6 19. Bc3 Nf7 20. Re1 Re8 21. h3 Rac8 22. Rad1 Ncd8 23. Bd2 Bc6 24. Bb4 b6 25. cxd5 Bxd5 26. Bxa6 Ra8 27. Bc4 Bxc4 28. bxc4 Ra4 29. Rb1 e5 30. d5 Nb7 31. Bd2 Nbd6 32. Rxb6 Nxc4 33. Rb4 Rxb4 34. Bxb4 Rd8 35. Rc1 Nfd6 36. Kf1 Rb8 37. Bc5 Rb5 38. Bxd6 Nxd6 39. Rd1 Kf7 40. Ke2 Ke7 41. g4 g5 42. Ke3 Rb4 43. Nd2 Rd4 44. Ra1 Rxd5 45. Ra7+ Ke6 46. Rxh7 Ra5 47. f3 Ra3+ 48. Ke2 Ra2 49. Kd3 Ra3+ 50. Ke2 Ra2 51. Kd3 Ra3+ 1/2-1/2

[Event "Hum na Sutli op 7th"]
[Site "Hum na Sutli"]
[Date "2013.09.04"]
[Round "6"]
[White "Krklec, Josip"]
[Black "Ostovic, Matija"]
[Result "0-1"]
[WhiteElo "2108"]
[BlackElo "2298"]
[PlyCount "62"]
[EventDate "2013.08.30"]
[EventType "swiss"]
[EventRounds "9"]
[EventCountry "CRO"]
[SourceTitle "EXT 2015"]
[Source "ChessBase"]
[SourceDate "2014.11.20"]
[SourceVersion "1"]
[SourceVersionDate "2014.11.20"]
[SourceQuality "1"]

1. e4 d6 2. d4 Nf6 3. Nc3 e5 4. dxe5 dxe5 5. Qxd8+ Kxd8 6. Bc4 Ke8 7. Nf3 Bd6 8. h3 a6 9. Bg5 b5 10. Bxf6 gxf6 11. Bd5 c6 12. Bb3 a5 13. a3 a4 14. Ba2 b4 15. Ne2 bxa3 16. bxa3 Bxa3 17. Bxf7+ Kxf7 18. Rxa3 Nd7 19. Nc3 Nc5 20. Kd2 Be6 21. Rb1 Rhg8 22. Ne1 Rgd8+ 23. Ke3 Rd4 24. Nd3 Nxd3 25. cxd3 c5 26. Rb7+ Kg6 27. Rb6 Bf7 28. g3 c4 29. dxc4 Bxc4 30. Nd5 Ra6 31. Rb4 Bxd5 0-1

[Event "CRO-Cup 20th"]
[Site "Sibenik"]
[Date "2011.05.18"]
[Round "1.103"]
[White "Vargic, Drago"]
[Black "Krklec, Josip"]
[Result "1-0"]
[WhiteElo "2357"]
[BlackElo "2125"]
[PlyCount "37"]
[EventDate "2011.05.18"]
[EventType "team-swiss"]
[EventRounds "6"]
[EventCountry "CRO"]
[SourceTitle "CBM 142 Extra"]
[Source "ChessBase"]
[SourceDate "2011.06.27"]
[SourceVersion "1"]
[SourceVersionDate "2011.06.27"]
[SourceQuality "1"]
[WhiteTeam "Djakovo"]
[BlackTeam "Krapina"]
[WhiteTeamCountry "CRO"]
[BlackTeamCountry "CRO"]

1. e4 c5 2. Nc3 Nc6 3. Nf3 d6 4. d4 cxd4 5. Nxd4 Nf6 6. Bg5 e6 7. Qd2 a6 8. 0-0-0 Qc7 9. Kb1 Bd7 10. f3 0-0-0 11. Be3 h5 12. Qf2 Kb8 13. Ndb5 axb5 14. Nxb5 Qc8 15. Rd3 d5 16. Bf4+ Ka8 17. Nc7+ Kb8 18. Nxe6+ Ka8 19. Nc7+ 1-0

[Event "Hum na Sutli op"]
[Site "Hum na Sutli"]
[Date "2010.11.21"]
[Round "2"]
[White "Krklec, Josip"]
[Black "Kerman, Josip"]
[Result "1/2-1/2"]
[WhiteElo "2117"]
[BlackElo "1782"]
[PlyCount "104"]
[EventDate "2010.11.20"]
[EventType "swiss"]
[EventRounds "9"]
[EventCountry "CRO"]
[SourceTitle "CBM 139 Extra"]
[Source "ChessBase"]
[SourceDate "2011.01.05"]
[SourceVersion "1"]
[SourceVersionDate "2011.01.05"]
[SourceQuality "1"]

1. e4 c5 2. Bc4 Nc6 3. Qf3 e6 4. Ne2 Nf6 5. Bb5 Qc7 6. Bxc6 Qxc6 7. d3 Be7 8. b3 d6 9. c4 e5 10. h3 b5 11. 0-0 h6 12. Nbc3 a6 13. Nd5 Nxd5 14. cxd5 Qd7 15. Ng3 g6 16. Bb2 Bg5 17. Bc1 Qe7 18. Qe2 f5 19. f4 exf4 20. Bxf4 Bf6 21. Rae1 Kd8 22. e5 dxe5 23. Bxe5 Bxe5 24. Qxe5 Qxe5 25. Rxe5 Re8 26. Rfe1 Rxe5 27. Rxe5 Ra7 28. d6 Rd7 29. d4 Rxd6 30. dxc5 Re6 31. Rxe6 Bxe6 32. Kf2 a5 33. Ne2 Kc7 34. Ke3 g5 35. Nd4 Bd7 36. a3 h5 37. g3 f4+ 38. gxf4 gxf4+ 39. Kxf4 Bxh3 40. Nxb5+ Kc6 41. Nd4+ Kxc5 42. Nc2 Kd5 43. Kg5 Ke4 44. Kxh5 Be6 45. b4 a4 46. b5 Kd3 47. Nb4+ Kc3 48. Na6 Kc4 49. b6 Bc8 50. Nb4 Kb3 51. Nd3 Kxa3 52. Nc5 Kb4 1/2-1/2

[Event "CRO-Cup 19th"]
[Site "Sibenik"]
[Date "2010.05.20"]
[Round "2"]
[White "Krklec, Josip"]
[Black "Srbis, Jurica"]
[Result "0-1"]
[WhiteElo "2145"]
[BlackElo "2156"]
[PlyCount "82"]
[EventDate "2010.05.19"]
[EventType "team-tourn"]
[EventRounds "6"]
[EventCountry "CRO"]
[SourceTitle "CBM 136 Extra"]
[Source "ChessBase"]
[SourceDate "2010.07.02"]
[SourceVersion "2"]
[SourceVersionDate "2010.07.15"]
[SourceQuality "1"]

1. Nf3 c5 2. c4 g6 3. g3 Bg7 4. d4 cxd4 5. Nxd4 Nc6 6. Nxc6 bxc6 7. Bg2 Qb6 8. Nc3 Qb4 9. Qb3 Rb8 10. 0-0 Ba6 11. Be3 Bxc4 12. Qxb4 Rxb4 13. Rab1 a5 14. Bc5 Rb7 15. Rfc1 Nh6 16. b3 Be6 17. e4 f5 18. Bh3 Kf7 19. Bg2 Bxc3 20. Rxc3 fxe4 21. Bxe4 Bf5 22. Re1 Re8 23. Bg2 Ng8 24. Bd4 Nf6 25. Rc5 Rb5 26. Rxb5 cxb5 27. Rc1 d6 28. Bb6 a4 29. bxa4 bxa4 30. a3 Rb8 31. Ba5 Rb1 32. Rxb1 Bxb1 33. Bc6 Bc2 34. f3 e5 35. Kf2 Ke6 36. Bc7 Bb3 37. h3 Ng8 38. Ke3 Ne7 39. Bb7 Nf5+ 40. Kf2 Nd4 41. Bc8+ Ke7 0-1

[Event "CRO-chT3A Center"]
[Site "Zagreb"]
[Date "2010.04.18"]
[Round "4.14"]
[White "Krklec, Josip"]
[Black "Balenovic, Zvonimir"]
[Result "1/2-1/2"]
[WhiteElo "2145"]
[BlackElo "2222"]
[PlyCount "67"]
[EventDate "2010.03.21"]
[EventType "team-tourn"]
[EventRounds "11"]
[EventCountry "CRO"]
[SourceTitle "EXT 2012"]
[Source "ChessBase"]
[SourceDate "2011.11.24"]
[SourceVersion "1"]
[SourceVersionDate "2011.11.24"]
[SourceQuality "1"]

1. d4 Nf6 2. c4 g6 3. Nf3 Bg7 4. Nc3 0-0 5. e4 d6 6. Be2 e5 7. dxe5 dxe5 8. Qxd8 Rxd8 9. Nd5 Nxd5 10. cxd5 c6 11. Bc4 cxd5 12. Bxd5 Nc6 13. Ng5 Rd7 14. Bd2 h6 15. Nf3 Re7 16. Rc1 Be6 17. Bxc6 bxc6 18. b3 a5 19. 0-0 a4 20. Rxc6 axb3 21. axb3 Bxb3 22. Bc3 Rd8 23. Rc1 Red7 24. h3 Rd1+ 25. Rxd1 Bxd1 26. Nd2 f5 27. g3 Kh7 28. Kg2 Be2 29. Rc7 Bd3 30. f3 fxe4 31. fxe4 Kg8 32. Kf3 Rf8+ 33. Kg2 Rd8 34. Kf3 1/2-1/2

[Event "CRO-chT3A Center"]
[Site "Zagreb"]
[Date "2010.03.28"]
[Round "2.23"]
[White "Krklec, Josip"]
[Black "Sonntag, Slavko"]
[Result "1-0"]
[WhiteElo "2145"]
[BlackElo "1850"]
[PlyCount "119"]
[EventDate "2010.03.21"]
[EventType "team-tourn"]
[EventRounds "11"]
[EventCountry "CRO"]
[SourceTitle "EXT 2012"]
[Source "ChessBase"]
[SourceDate "2011.11.24"]
[SourceVersion "1"]
[SourceVersionDate "2011.11.24"]
[SourceQuality "1"]

1. d4 f5 2. e4 d6 3. Nc3 Nf6 4. Bd3 Nc6 5. Nf3 fxe4 6. Nxe4 Bg4 7. c3 e5 8. Nxf6+ Qxf6 9. d5 Bxf3 10. gxf3 Ne7 11. Be4 0-0-0 12. Qa4 a6 13. Be3 Nf5 14. Rg1 Nxe3 15. fxe3 Qh4+ 16. Ke2 Qxh2+ 17. Kd3 Qh5 18. b4 Qe8 19. Qb3 g6 20. a4 b6 21. c4 Be7 22. Ke2 Rg8 23. Qd3 Kb7 24. Qc3 Ka7 25. Rgb1 Rb8 26. a5 b5 27. c5 Qd7 28. Bd3 dxc5 29. Qxe5 Bd6 30. Qc3 cxb4 31. Qd4+ Ka8 32. Be4 Rge8 33. Rc1 Rb7 34. Rab1 Qh3 35. Rc6 Qh2+ 36. Kd3 Ra7 37. Rc2 Qg3 38. Rbc1 Qe5 39. f4 Qe7 40. Bf3 Kb8 41. Rc6 Qf7 42. Bg4 h5 43. Be6 Qe7 44. Rg1 Qh7 45. Qe4 Qh8 46. Qxg6 Rb7 47. Rh1 h4 48. Rxh4 Qf8 49. Rh7 b3 50. Kc3 Ba3 51. Qe4 Qf6+ 52. Qe5 Qg6 53. Rh2 b2 54. Rxb2 b4+ 55. Kb3 Qd3+ 56. Ka2 Bxb2 57. Qxb2 b3+ 58. Ka1 Rh8 59. Qxh8+ Ka7 60. Qd4+ 1-0